Every Hat-trick in IPL History - Statistics

General Stats
  • This quiz has been taken 21 times
  • The average score is 7 of 22
Answer Stats
Year Opponent Bowler Team % Correct
2009 Mumbai Indians Rohit Sharma Deccan Chargers
68%
2023 Kolkata Knight Riders Rashid Khan Gujarat Titans
53%
2008 Deccan Chargers Amit Mishra Delhi Daredevils
47%
2022 Kolkata Knight Riders Yuzvendra Chahal Rajasthan Royals
47%
2008 Kings XI Punjab Lakshmipathy Balaji Chennai Super Kings
37%
2017 Mumbai Indians Samuel Badree Royal Challengers Bangalore
37%
2009 Deccan Chargers Yuvraj Singh Kings XI Punjab
37%
2011 Kings XI Punjab Amit Mishra Deccan Chargers
32%
2021 Mumbai Indians Harshal Patel Royal Challengers Bangalore
32%
2019 Delhi Capitals Sam Curran Kings XI Punjab
32%
2009 Royal Challengers Bangalore Yuvraj Singh Kings XI Punjab
32%
2017 Gujarat Lions Andrew Tye Rising Pune Supergiants
26%
2017 SunRisers Hyderabad Jaydev Unadkat Rising Pune Supergiants
26%
2008 Kolkata Knight Riders Makhaya Ntini Chennai Super Kings
26%
2010 Rajasthan Royals Praveen Kumar Royal Challengers Bangalore
26%
2019 Royal Challengers Bangalore Shreyas Gopal Rajasthan Royals
26%
2012 Pune Warriors India Ajit Chandila Rajasthan Royals
16%
2013 Pune Warriors India Amit Mishra SunRisers Hyderabad
16%
2014 Kolkata Knight Riders Pravin Tambe Rajasthan Royals
16%
2014 SunRisers Hyderabad Shane Watson Rajasthan Royals
16%
2013 Kings XI Punjab Sunil Narine Kolkata Knight Riders
16%
2016 Gujarat Lions Axar Patel Kings XI Punjab
11%
No matching quizzes found
Score Distribution
Percent of People with Each Score
Percentile by Number Answered
Your Score History
You have not taken this quiz